2009 Commemorative Euro Coins Quiz - Statistics

General Stats
  • This quiz has been taken 15 times
  • The average score is 7 of 10
Answer Stats
Picture Answer % Correct
Vatican City
100%
Germany
92%
Portugal
92%
Slovakia
92%
Belgium
83%
Luxembourg
75%
Italy
58%
San Marino
58%
Finland
50%
Eurozone
25%
No matching quizzes found
Score Distribution
Percent of People with Each Score
Percentile by Number Answered
Your Score History
You have not taken this quiz